La sociedad poscapitalista
Saved in:
| Main Author: | |
|---|---|
| Format: | Book |
| Language: | Spanish |
| Published: |
Buenos Aires
Sudamericana
1998
|
| Edition: | 6a. ed |
| Subjects: | |
| Tags: |
Add Tag
No Tags, Be the first to tag this record!
|
MARC
| LEADER | 00000nam a2200000 a 4500 | ||
|---|---|---|---|
| 001 | UCH8245 | ||
| 003 | CL-VaPUC | ||
| 008 | 091127e19980000AG |||||||||||||||||spa|d | ||
| 020 | |a 9500708647 | ||
| 082 | 0 | 4 | |a 658 |b DRU |2 21 |
| 100 | 0 | |a Drucker, Peter Ferdinand |e author |9 413949 | |
| 245 | 1 | 3 | |a La sociedad poscapitalista |
| 250 | |a 6a. ed | ||
| 300 | |a 185 p | ||
| 942 | |c BK | ||
| 945 | |d 20091127 00:00:00 |a lazolas | ||
| 260 | |a Buenos Aires |b Sudamericana |c 1998 | ||
| 650 | 0 | |a Administración |9 259325 | |
| 650 | 0 | |a Gestión administrativa |9 375217 | |
| 650 | 0 | |a Recursos humanos |9 228420 | |
| 650 | 0 | |a Productividad |9 335972 | |
| 650 | 0 | |a Política económica |9 255029 | |
| 583 | |a last modification |c 20091127 00:00:00 |k Rodrigo Vera | ||
| 999 | |c 338477 |d 338475 | ||